[Event "Wroclaw Anderssen Memorial"]
[Site "Wroclaw"]
[Date "2022.07.30"]
[Round "8"]
[White "Den Boer, Lennard"]
[Black "Mirowska, Oliwia"]
[Result "1/2-1/2"]
[WhiteElo "2148"]
[BlackElo "1791"]
[PlyCount "121"]
[EventDate "2022.07.30"]
[EventType "swiss (rapid)"]
[EventRounds "9"]
[EventCountry "POL"]
[SourceTitle "CBM 209 Extra"]
[Source "ChessBase"]
[SourceDate "2022.09.30"]
[SourceVersion "1"]
[SourceVersionDate "2022.09.30"]
[SourceQuality "1"]

1. e4 c6 2. d4 g6 3. Nf3 Bg7 4. c3 d6 5. Bd3 Nd7 6. 0-0 c5 7. Nbd2 Ngf6 8. Re1 0-0 9. h3 e5 10. dxe5 dxe5 11. Nc4 Qe7 12. Bg5 h6 13. Bh4 g5 14. Bg3 Ne8 15. Ne3 Nb6 16. Nf5 Bxf5 17. exf5 f6 18. Be4 Rd8 19. Qe2 Nd6 20. Rad1 Nxe4 21. Qxe4 Nc8 22. Rd5 Nd6 23. Qc2 Nf7 24. Red1 Rxd5 25. Rxd5 Rd8 26. Rxd8+ Qxd8 27. Nd2 Nd6 28. Nf1 Qd7 29. Ne3 h5 30. f3 Bh6 31. Bf2 b6 32. g4 h4 33. Qd3 Bf8 34. Qd5+ Qf7 35. Kf1 Qxd5 36. Nxd5 Kf7 37. b3 Be7 38. Ke2 Bd8 39. Kd3 Ke8 40. c4 Kd7 41. a3 Kc6 42. b4 Nb7 43. Nc3 Nd6 44. Na4 Nb7 45. bxc5 Nxc5+ 46. Bxc5 bxc5 47. Nc3 Kb6 48. Ke4 Kc6 49. Nd5 Kd6 50. a4 Kc6 51. Nc3 a6 52. Kd3 Ba5 53. Ne4 Bd8 54. Kc3 Ba5+ 55. Kb3 Bd8 56. Nc3 Bc7 57. Nd5 Bd8 58. Kc2 Kd6 59. Kd3 Kc6 60. Ke4 Kd6 61. Nc3 1/2-1/2

[Event "Wroclaw Anderssen Memorial"]
[Site "Wroclaw"]
[Date "2022.07.30"]
[Round "6"]
[White "Kuriata, Tomasz"]
[Black "Mirowska, Oliwia"]
[Result "0-1"]
[WhiteElo "1193"]
[BlackElo "1791"]
[PlyCount "58"]
[EventDate "2022.07.30"]
[EventType "swiss (rapid)"]
[EventRounds "9"]
[EventCountry "POL"]
[SourceTitle "CBM 209 Extra"]
[Source "ChessBase"]
[SourceDate "2022.09.30"]
[SourceVersion "1"]
[SourceVersionDate "2022.09.30"]
[SourceQuality "1"]

1. e4 d6 2. d4 g6 3. Nf3 Bg7 4. c4 Nd7 5. Nc3 c5 6. d5 Ngf6 7. Bd3 0-0 8. 0-0 a6 9. a4 Ne8 10. Re1 Ne5 11. Nxe5 Bxe5 12. Bh6 Bg7 13. Bxg7 Nxg7 14. f4 e5 15. fxe5 dxe5 16. Qf3 Nh5 17. Ne2 Qg5 18. b4 cxb4 19. a5 f5 20. exf5 gxf5 21. Rf1 Bd7 22. Ng3 Nf4 23. Bc2 h5 24. Ne2 Nxe2+ 25. Qxe2 f4 26. Rae1 Rae8 27. Qd3 e4 28. Qd4 f3 29. Kh1 Qxg2# 0-1

[Event "Wroclaw Anderssen Memorial"]
[Site "Wroclaw"]
[Date "2022.07.30"]
[Round "3"]
[White "Mirowska, Oliwia"]
[Black "Slawinski, Marcin"]
[Result "1-0"]
[WhiteElo "1791"]
[BlackElo "1203"]
[PlyCount "55"]
[EventDate "2022.07.30"]
[EventType "swiss (rapid)"]
[EventRounds "9"]
[EventCountry "POL"]
[SourceTitle "CBM 209 Extra"]
[Source "ChessBase"]
[SourceDate "2022.09.30"]
[SourceVersion "1"]
[SourceVersionDate "2022.09.30"]
[SourceQuality "1"]

1. e4 c6 2. d4 d5 3. e5 Bf5 4. Nf3 e6 5. Be2 a6 6. 0-0 Nd7 7. Re1 c5 8. c3 Qb6 9. Nbd2 Ne7 10. Nf1 Nc6 11. Ne3 Bg6 12. h4 h6 13. Bd3 Bxd3 14. Qxd3 Be7 15. a3 c4 16. Qe2 Qd8 17. h5 b5 18. Nh2 f5 19. exf6 Nxf6 20. Neg4 Ne4 21. f3 Ng5 22. Bxg5 Bxg5 23. Qxe6+ Ne7 24. Ne5 Qc8 25. Qf7+ Kd8 26. Nhg4 Kc7 27. Ng6 Qf5 28. Rxe7+ 1-0

[Event "POL-ch U18 Girls"]
[Site "Sypniewo"]
[Date "2022.03.21"]
[Round "3"]
[White "Mirowska, Oliwia"]
[Black "Dylag, Emilia"]
[Result "1/2-1/2"]
[WhiteElo "1738"]
[BlackElo "2003"]
[PlyCount "63"]
[EventDate "2022.03.19"]
[EventType "swiss"]
[EventRounds "9"]
[EventCountry "POL"]
[SourceTitle "CBM 207 Extra"]
[Source "ChessBase"]
[SourceDate "2022.05.31"]
[SourceVersion "1"]
[SourceVersionDate "2022.05.31"]
[SourceQuality "1"]

1. e4 e5 2. Nf3 Nc6 3. Nc3 Nf6 4. Bb5 Bc5 5. 0-0 0-0 6. Nxe5 Nxe5 7. d4 Bd6 8. f4 Nc6 9. e5 Bb4 10. exf6 Qxf6 11. Ne2 d5 12. c3 Bd6 13. Ng3 Ne7 14. Bd3 Qh4 15. Qh5 Qxh5 16. Nxh5 g6 17. Ng3 h5 18. Bd2 Bd7 19. Rae1 Rae8 20. b3 c6 21. Kh1 Nf5 22. Nxf5 Bxf5 23. Bxf5 gxf5 24. g3 Kg7 25. Rxe8 Rxe8 26. Re1 Re4 27. b4 Kf6 28. Kg2 Ke6 29. Kf3 Rxe1 30. Bxe1 Be7 31. h3 b6 32. Bf2 1/2-1/2

[Event "Liptovsky Jan Slovak op U2200"]
[Site "Liptovsky Jan"]
[Date "2021.06.18"]
[Round "3"]
[White "Bombek, Peter"]
[Black "Mirowska, Oliwia"]
[Result "1-0"]
[WhiteElo "2196"]
[BlackElo "1747"]
[PlyCount "95"]
[EventDate "2021.06.17"]
[EventType "swiss"]
[EventRounds "7"]
[EventCountry "SVK"]
[SourceTitle "CBM 203 Extra"]
[Source "ChessBase"]
[SourceDate "2021.09.30"]
[SourceVersion "1"]
[SourceVersionDate "2021.09.30"]
[SourceQuality "1"]

1. d4 d6 2. e4 Nf6 3. Nc3 e5 4. Nf3 Nbd7 5. Bc4 Be7 6. 0-0 0-0 7. h3 c6 8. a4 Rb8 9. Be3 b6 10. Qd2 a6 11. Rfd1 b5 12. axb5 cxb5 13. Bd3 Bb7 14. d5 Rc8 15. Ne2 Nc5 16. Ng3 Qd7 17. Rdc1 Bd8 18. b4 Na4 19. c4 bxc4 20. Rxc4 Rxc4 21. Bxc4 h5 22. Qc2 Nb6 23. Bxb6 Bxb6 24. Bxa6 Rc8 25. Qe2 Rc3 26. Bxb7 Qxb7 27. Nf5 Bc7 28. Ng5 g6 29. Ne7+ Kg7 30. Nc6 Bb6 31. Kh2 Rxc6 32. dxc6 Qxc6 33. Ra6 Qc7 34. Ra2 Qc1 35. Qd2 Qf1 36. Rc2 Bd4 37. Qe2 Qb1 38. Rc7 Kg8 39. Qc4 d5 40. Qc2 Qxc2 41. Rxc2 Nxe4 42. Nxe4 dxe4 43. Kg1 Kf8 44. Rc7 e3 45. fxe3 Bxe3+ 46. Kf1 f5 47. b5 Ke8 48. Rc6 1-0

[Event "Malopolska Region-chB"]
[Site "Krakow"]
[Date "2021.06.05"]
[Round "4"]
[White "Mirowska, Oliwia"]
[Black "Zimowski, Mateusz"]
[Result "1-0"]
[WhiteElo "1747"]
[BlackElo "1590"]
[PlyCount "83"]
[EventDate "2021.06.03"]
[EventType "swiss"]
[EventRounds "7"]
[EventCountry "POL"]
[SourceTitle "EXT 2023"]
[Source "ChessBase"]
[SourceDate "2022.10.05"]
[SourceVersion "1"]
[SourceVersionDate "2022.10.05"]
[SourceQuality "1"]

1. e4 e6 2. d4 d5 3. Nd2 Nf6 4. e5 Nfd7 5. c3 c5 6. Ngf3 Nc6 7. Be2 Qb6 8. Nb3 a5 9. a4 cxd4 10. Nbxd4 Ndxe5 11. Nxe5 Nxe5 12. Bf4 Ng6 13. Bb5+ Bd7 14. Bg3 Bd6 15. Bxd7+ Kxd7 16. Nb5 Bxg3 17. hxg3 Qc5 18. 0-0 h5 19. c4 Ke7 20. Qf3 Ne5 21. Qf4 f6 22. cxd5 g5 23. d6+ Qxd6 24. Qxf6+ Kxf6 25. Nxd6 g4 26. Rfd1 b6 27. Rac1 Rh7 28. Rd4 Rah8 29. Rf4+ Ke7 30. Nc8+ Ke8 31. Nxb6 Ke7 32. Re4 Nd3 33. Rc6 Rh6 34. Nc4 Rb8 35. Rd4 Nxb2 36. Nb6 Rhh8 37. Rd2 Nxa4 38. Nxa4 Rb1+ 39. Kh2 Rhb8 40. Nc5 Re1 41. Rc7+ Ke8 42. Rdd7 1-0

[Event "POL-ch rapid (Women)"]
[Site "Bydgoszcz"]
[Date "2020.12.13"]
[Round "8"]
[White "Bartel, Marta"]
[Black "Mirowska, Oliwia"]
[Result "1-0"]
[WhiteElo "2192"]
[BlackElo "1820"]
[PlyCount "131"]
[EventDate "2020.12.13"]
[EventType "swiss (rapid)"]
[EventRounds "9"]
[EventCountry "POL"]
[SourceTitle "CBM 199 Extra"]
[Source "ChessBase"]
[SourceDate "2021.01.31"]
[SourceVersion "1"]
[SourceVersionDate "2021.01.31"]
[SourceQuality "1"]

1. d4 d6 2. Nf3 f5 3. g3 Nf6 4. Bg2 g6 5. c4 Bg7 6. b4 0-0 7. Bb2 c6 8. 0-0 Qe8 9. Qb3 Kh8 10. Nbd2 Nh5 11. c5 d5 12. e3 Nd7 13. a4 e5 14. dxe5 Nxe5 15. Nxe5 Bxe5 16. Nf3 Bg7 17. b5 Be6 18. Bxg7+ Nxg7 19. Nd4 Bd7 20. Rab1 Ne6 21. Qc3 Kg8 22. bxc6 Bxc6 23. a5 Qe7 24. Nxe6 Qxe6 25. Qd4 Rad8 26. Rfd1 Rd7 27. Rd2 Rfd8 28. Rdb2 Qf7 29. Bf1 a6 30. Rb6 Rc7 31. Rd1 Re8 32. Bg2 Rd7 33. h4 Qg7 34. Bf3 Qxd4 35. Rxd4 Kf7 36. Be2 Rc8 37. Kf1 Rcc7 38. Ke1 Re7 39. Bf3 Red7 40. Kd2 h6 41. g4 fxg4 42. Bxg4 Re7 43. Bf3 Rcd7 44. Kc3 h5 45. Rb1 Ke6 46. Rg1 Rg7 47. Be2 Rdf7 48. Rg2 Ke5 49. Bd3 Rf6 50. f4+ Ke6 51. f5+ Ke7 52. fxg6 Rf3 53. Kd2 Ke6 54. Rg5 Rf2+ 55. Kc3 Ra2 56. Rxh5 Rxa5 57. Rg5 Rxc5+ 58. Kd2 Bb5 59. h5 Bxd3 60. Kxd3 Kf6 61. Rg1 Rc8 62. Rf4+ Ke5 63. h6 Rgg8 64. g7 Rc7 65. Rf8 Rgxg7 66. hxg7 1-0

[Event "POL-ch rapid (Women)"]
[Site "Bydgoszcz"]
[Date "2020.12.13"]
[Round "6"]
[White "Zarebska, Lena"]
[Black "Mirowska, Oliwia"]
[Result "0-1"]
[WhiteElo "1855"]
[BlackElo "1820"]
[PlyCount "56"]
[EventDate "2020.12.13"]
[EventType "swiss (rapid)"]
[EventRounds "9"]
[EventCountry "POL"]
[SourceTitle "CBM 199 Extra"]
[Source "ChessBase"]
[SourceDate "2021.01.31"]
[SourceVersion "1"]
[SourceVersionDate "2021.01.31"]
[SourceQuality "1"]

1. e4 c6 2. d4 g6 3. Be3 Bg7 4. c4 d5 5. Nc3 dxe4 6. Nxe4 Nf6 7. Nxf6+ exf6 8. Bd3 0-0 9. Ne2 f5 10. Bc2 Nd7 11. 0-0 Nf6 12. h3 Be6 13. Bb3 a5 14. Rc1 Ne4 15. d5 cxd5 16. cxd5 Bd7 17. Bd4 Bxd4 18. Nxd4 b5 19. a3 Qf6 20. Qd3 Rfd8 21. Rc7 Qd6 22. Rfc1 Qf4 23. R7c2 Rab8 24. Ne6 Bxe6 25. dxe6 Rxd3 26. exf7+ Kg7 27. g3 Rxg3+ 28. fxg3 Qxg3+ 0-1

[Event "POL-ch blitz (Women)"]
[Site "Bydgoszcz"]
[Date "2020.12.12"]
[Round "10"]
[White "Barwinska, Ewa"]
[Black "Mirowska, Oliwia"]
[Result "1/2-1/2"]
[WhiteElo "1731"]
[BlackElo "1820"]
[PlyCount "108"]
[EventDate "2020.12.12"]
[EventType "swiss (blitz)"]
[EventRounds "11"]
[EventCountry "POL"]
[SourceTitle "CBM 199 Extra"]
[Source "ChessBase"]
[SourceDate "2021.01.31"]
[SourceVersion "1"]
[SourceVersionDate "2021.01.31"]
[SourceQuality "1"]

1. e4 c6 2. d4 g6 3. Nc3 Bg7 4. Be3 d5 5. e5 h5 6. Qd2 Nh6 7. f3 Nf5 8. Bf2 Be6 9. f4 f6 10. Nf3 0-0 11. h3 fxe5 12. Nxe5 Bxe5 13. fxe5 c5 14. dxc5 Nd7 15. g4 Nxe5 16. 0-0-0 hxg4 17. hxg4 Nxg4 18. Bd4 Nxd4 19. Qxd4 Rf6 20. Bh3 Qd7 21. Nxd5 Qxd5 22. Qxd5 Bxd5 23. Rxd5 Nf2 24. Rh2 Nxh3 25. Rxh3 Kf7 26. Rh7+ Ke6 27. Rd1 Raf8 28. Re1+ Kd5 29. Rhxe7 Kxc5 30. Rxb7 Rf1 31. Rbe7 Rxe1+ 32. Rxe1 Rg8 33. Rg1 Kc4 34. c3 a5 35. Kc2 g5 36. b3+ Kc5 37. Rg4 Rg6 38. a3 Kb5 39. b4 axb4 40. axb4 Rg7 41. Kb3 Rg6 42. c4+ Kb6 43. Ka4 Kc6 44. c5 Rg7 45. Kb3 Kb5 46. Kc3 Rg6 47. Kb3 Rg7 48. Kc3 Rg6 49. Kc2 Rg7 50. Kb3 Rg6 51. Rg3 g4 52. Kc3 Rg5 53. Kb3 Rg6 54. Kc3 Rg5 1/2-1/2

[Event "POL-ch blitz (Women)"]
[Site "Bydgoszcz"]
[Date "2020.12.12"]
[Round "4"]
[White "Mirowska, Oliwia"]
[Black "Antolak, Julia"]
[Result "0-1"]
[WhiteElo "1820"]
[BlackElo "2307"]
[PlyCount "65"]
[EventDate "2020.12.12"]
[EventType "swiss (blitz)"]
[EventRounds "11"]
[EventCountry "POL"]
[SourceTitle "CBM 199 Extra"]
[Source "ChessBase"]
[SourceDate "2021.01.31"]
[SourceVersion "1"]
[SourceVersionDate "2021.01.31"]
[SourceQuality "1"]

1. f4 Nh6 2. Nf3 d5 3. e3 g6 4. Be2 Bg7 5. 0-0 0-0 6. d3 c5 7. Qe1 Nc6 8. c3 b5 9. e4 dxe4 10. dxe4 b4 11. h3 Bb7 12. g4 Kh8 13. f5 Ng8 14. Be3 Qd6 15. Ng5 Nf6 16. Qf2 Ne5 17. Bxc5 Qc7 18. Bxb4 Nxe4 19. Nxe4 Bxe4 20. Nd2 Bb7 21. Nf3 Nd7 22. Rfe1 Nf6 23. Bd3 Rad8 24. Rad1 Rfe8 25. Bc2 Qc6 26. Kg2 Rxd1 27. Rxd1 Nd5 28. Rxd5 Qxd5 29. Qe3 gxf5 30. Bxf5 e6 31. Bd3 Rd8 32. Bc2 Qd2+ 33. Qf2 0-1

[Event "POL-ch blitz (Women)"]
[Site "Bydgoszcz"]
[Date "2020.12.12"]
[Round "1"]
[White "Mirowska, Oliwia"]
[Black "Cyfka, Karina"]
[Result "1-0"]
[WhiteElo "1820"]
[BlackElo "2415"]
[PlyCount "75"]
[EventDate "2020.12.12"]
[EventType "swiss (blitz)"]
[EventRounds "11"]
[EventCountry "POL"]
[SourceTitle "CBM 199 Extra"]
[Source "ChessBase"]
[SourceDate "2021.01.31"]
[SourceVersion "1"]
[SourceVersionDate "2021.01.31"]
[SourceQuality "1"]

1. f4 g6 2. Nf3 Bg7 3. g3 d5 4. Bg2 c5 5. d3 Nc6 6. 0-0 Nf6 7. c3 0-0 8. Qe1 d4 9. h3 Qb6 10. Kh2 h6 11. Na3 Be6 12. e4 dxc3 13. bxc3 Rad8 14. Qe2 Qa6 15. Rd1 Nd7 16. Rb1 Nb6 17. Bb2 Na4 18. Ba1 Bxc3 19. Nb5 Qa5 20. Qc2 Nb4 21. Rxb4 cxb4 22. Bxc3 Nxc3 23. Nxc3 bxc3 24. a4 b5 25. axb5 Qxb5 26. Qxc3 Rc8 27. Qd4 Qb6 28. Qa1 Rfd8 29. Nh4 Rc2 30. Qa4 Bb3 31. Qa1 Rxg2+ 32. Nxg2 Bxd1 33. Qxd1 a5 34. Qg4 h5 35. Qh4 Qf6 36. g4 Qxh4 37. Nxh4 hxg4 38. hxg4 1-0